000 00953nam a22002297a 4500
003 NALT
005 20251125233104.0
008 s2554 th tha d
020 _a9786167238203
040 _aNALT
041 _atha
050 _aHC 445
_bพ642ศ
100 0 _aพิชัย นริพทะพันธุ์
_916867
245 1 0 _aเศรษฐกิจคิดแบบแดง /
_cพิชัย นริพทะพันธุ์.
260 _aกรุงเทพฯ :
_bสุวรรณภูมิ,
_c2554.
300 _a303 หน้า :
_bภาพประกอบ ;
_c20 ซม.
651 4 _93477
_aไทย
_xภาวะเศรษฐกิจ
850 _aNALT
856 4 0 _uhttps://hdl.handle.net/20.500.14156/338168
942 _cGB
_2lcc
998 _bปรียานุช คลอวุฒิวัฒน์
_bphon
_cphon
_j8
_k นายบัณฑิต อุทาวงค์
999 _c63984
_d63984